[Event "VII Anibal Open"]
[Site "Linares ESP"]
[Date "2000.01.09"]
[Round "3"]
[White "Jimenez Villena,F"]
[Black "Mateo,Ra"]
[Result "0-1"]
[WhiteElo "2251"]
[BlackElo "2425"]

1.d4 Nf6 2.Bg5 c5 3.Bxf6 gxf6 4.d5 f5 5.c3 Bg7 6.Qc2 e6 7.Nd2 O-O 8.dxe6 dxe6
9.e4 fxe4 10.Nxe4 Qa5 11.Ng5 f5 12.Bc4 b5 13.Be2 Nc6 14.N1f3 h6 15.Nh3 e5
16.O-O Be6 17.Rfe1 c4 18.Nh4 Qc7 19.Bh5 Rf6 20.Rad1 e4 21.f3 Ne5 22.Nf4 Nd3
23.Nxe6 Rxe6 24.Re2 Qc5+ 25.Kh1 Nf4 26.fxe4 Nxe2 27.Qxe2 Rxe4 28.Qf3 Qe7
29.g3 Re1+ 30.Kg2 Rxd1 31.Qxd1 Rd8 32.Qf1 Qg5 33.Qf3 f4 34.Bg6 Qd5 35.Be4 Qd2+
36.Kh3 fxg3 37.hxg3 Qd1 38.Qf5 Qd7 39.Qxd7 Rxd7 40.Bc6 Rd2 41.Bxb5 Rxb2 42.Bxc4+ Kf8
43.Nf5 Rc2 44.Bb3 Rxc3 45.Kh4 Be5 46.g4 Bf4 47.Kh5 Rh3+ 48.Kg6 Ke8 49.Nd4 Kd7
50.g5 Rxb3 51.Nxb3 Bxg5 52.Nd4 a6 53.Nf3 Bc1 54.Kf5 Kc6 55.Ke4 Bb2 56.Ne1 Bc3
57.Ng2 Kb5 58.Nf4 Kc4 59.Ne6 Ba5 60.Nd4 h5  0-1

[Event "ch-BRA"]
[Site "Brasilia BRA"]
[Date "2000.01.19"]
[Round "1"]
[White "Toth,Pe"]
[Black "Tsuboi,E"]
[Result "1/2-1/2"]
[WhiteElo "2163"]
[BlackElo "2334"]

1.d4 Nf6 2.Bg5 c5 3.d5 Ne4 4.Bc1 g6 5.Nf3 Bg7 6.Qd3 Nf6 7.Nc3 O-O 8.e4 d6
9.Be2 Bg4 10.h3 Bxf3 11.gxf3 Nbd7 12.f4 c4 13.Qe3 b5 14.a3 a6 15.O-O Qc7
16.Rd1 Rae8 17.Qg3 e6 18.dxe6 Rxe6 19.Bf3 Nc5 20.Qg2 Kh8 21.Be3 Rfe8 22.Bxc5 Qxc5
23.Nd5 Nxe4 24.c3 Qa7 25.a4 Qc5 26.axb5 axb5 27.Ra6 Nf6 28.Nxf6 Bxf6 29.Rd5 Qc8
30.Raxd6 Rxd6 31.Rxd6 Re1+ 32.Kh2 Be7 33.Rd5 Qb8 34.Qg3 Rb1 35.Rd7 Re1 36.Kg2 Qc8
37.Rd5 Qa6 38.Re5 Qa1 39.Rxe1 Qxe1 40.Bd5 Qd2 41.Bxf7 Bd6 42.Qe3 Bxf4 43.Qxd2 Bxd2
44.Be8  1/2-1/2

[Event "ch-BRA"]
[Site "Brasilia BRA"]
[Date "2000.01.19"]
[Round "1"]
[White "Roland,M"]
[Black "Pelikian,J"]
[Result "0-1"]
[WhiteElo "2204"]
[BlackElo "2393"]

1.d4 Nf6 2.Bg5 d5 3.Bxf6 exf6 4.e3 Bd6 5.c4 dxc4 6.Bxc4 O-O 7.Nc3 f5 8.Nf3 Nd7
9.Qc2 a6 10.Rd1 Nf6 11.O-O Qe7 12.Rfe1 c6 13.a3 g6 14.h3 Kg7 15.Bd3 Re8 16.e4 fxe4
17.Nxe4 Nxe4 18.Rxe4 Be6 19.Rde1 Qf6 20.Qd2 Red8 21.Ne5 Bxe5 22.dxe5 Qe7
23.Qc3 b5 24.b4 Rac8 25.Bf1 c5 26.bxc5 Rxc5 27.Qb2 Qc7 28.Rd4 Rc2 29.Qa1 Ra2
30.Qd1 Rxd4 31.Qxd4 Qe7 32.Ra1 Rxa3 33.Rxa3 Qxa3 34.Qd8 Qf8 35.Qf6+ Kg8 36.h4 h5
37.Bd3 Qc8 38.Kh2 Bf5 39.Bxf5 Qxf5 40.Qxa6 Qxe5+ 41.g3 b4 42.Qb7 Qc3 43.Kg2 b3
44.Kh2 b2 45.Kg2 Qc2 46.Qb8+ Kh7  0-1

[Event "V Ubeda Open"]
[Site "Ubeda ESP"]
[Date "2000.01.19"]
[Round "1"]
[White "Sargissian,G"]
[Black "Saez Gabikagogeaskoa,O"]
[Result "1-0"]
[WhiteElo "2442"]
[BlackElo "2036"]

1.d4 Nf6 2.Bg5 c5 3.Bxf6 exf6 4.d5 Qb6 5.Qc1 f5 6.g3 g6 7.c3 c4 8.Bg2 Bc5
9.Nh3 Qf6 10.Nd2 b5 11.a4 Ba6 12.O-O O-O 13.e4 d6 14.exf5 Qxf5 15.Ne4 Nd7
16.Qh6 Qe5 17.Nhg5 Qg7 18.Qxg7+ Kxg7 19.Bh3 Rfd8 20.Bxd7 Rxd7 21.Nxh7 Bb6
22.Nhg5 bxa4 23.Rxa4 Bb7 24.Rd1 Rc8 25.Nh3 Rdc7 26.Nf4 Rd8 27.h4 Bc8 28.Nd2 Bg4
29.Re1 Rdc8 30.Re4 g5 31.hxg5 Rh8 32.Raxc4 Rb7 33.Kg2 Bd8 34.Rb4 Rxb4 35.Rxb4 Bxg5
36.Ne4 Be7 37.Rb7 Re8 38.Rxa7 Bf5 39.f3 Bf8 40.g4 Bxe4 41.fxe4 Rxe4 42.Ne6+ Kg8
43.Nxf8 Kxf8 44.Kf3 Re1 45.Rd7 Rf1+ 46.Ke4 Re1+ 47.Kd4  1-0

[Event "ch-BRA"]
[Site "Brasilia BRA"]
[Date "2000.01.21"]
[Round "3"]
[White "Roland,M"]
[Black "Chemin,V"]
[Result "0-1"]
[WhiteElo "2204"]
[BlackElo "2313"]

1.d4 d5 2.Bg5 Nf6 3.Bxf6 exf6 4.e3 Bd6 5.c4 O-O 6.cxd5 f5 7.Nc3 Nd7 8.g3 Re8
9.Nge2 Nf6 10.Bg2 Rb8 11.O-O b5 12.a3 a5 13.Qd3 Qd7 14.Rfc1 Bf8 15.Qc2 Bb7
16.Nf4 g5 17.Nd3 b4 18.axb4 axb4 19.Na4 Bxd5 20.Nac5 Qb5 21.Bxd5 Nxd5 22.Ne5 Bxc5
23.Qxf5 Bf8 24.Qxf7+ Kh8 25.e4 Ne7 26.Nd7 Qxd7 27.Rc5 Qxd4 28.Rxc7 Qxb2 29.Rd1 Qe5
30.Rc4 b3 31.f4 gxf4 32.gxf4 Qg7+ 33.Qxg7+ Bxg7 34.Rb1 Ng6 35.e5 Nxf4 36.Rxf4 Rxe5  0-1

[Event "Israeli League"]
[Site "Ramat Aviv ISR"]
[Date "2000.01.21"]
[Round "2"]
[White "Moskovich,D"]
[Black "Hasidovski,A"]
[Result "1/2-1/2"]
[WhiteElo "2167"]
[BlackElo "2177"]

1.d4 Nf6 2.Bg5 d5 3.e3 Nbd7 4.Bd3 e5 5.c4 Bb4+ 6.Nc3 exd4 7.exd4 dxc4 8.Bxc4 O-O
9.Ne2 Nb6 10.Bd3 h6 11.Bh4 Be7 12.Rc1 Nfd5 13.Bg3 Bg5 14.Ra1 Be6 15.O-O Nxc3
16.bxc3 Bc4 17.f4 Bf6 18.f5 c6 19.Nf4 Re8 20.Qf3 Bxd3 21.Qxd3 Nd5 22.Rae1 Rxe1
23.Bxe1 Nxf4 24.Rxf4 Qd7 25.Re4 Re8 26.Qe2 Kf8 27.Bg3 Rxe4 28.Qxe4 b5 29.Be5 Bxe5
30.Qxe5 Qe7 31.Kf2 Qh4+ 32.Kf3 Qh5+ 33.Kf2 Qh4+ 34.Kf3 Qh5+ 35.Kf2  1/2-1/2

[Event "4NCL"]
[Site "Birmingham ENG"]
[Date "2000.01.22"]
[Round "5"]
[White "Povah,N"]
[Black "Ledger,A"]
[Result "1/2-1/2"]
[WhiteElo "2360"]
[BlackElo "2420"]

1.d4 Nf6 2.Bg5 d5 3.Bxf6 gxf6 4.c4 c6 5.e3 Bf5 6.Nc3 e6 7.Qb3 Qb6 8.Qxb6 axb6
9.cxd5 exd5 10.Nf3 b5 11.Nh4 Bg6 12.Kd2 Nd7 13.f4 b4 14.Nd1 Be4 15.Nf2 Nb6
16.Nxe4 dxe4 17.Be2 Ra5 18.g4 Kd7 19.Nf5 Bd6 20.Ng3 Re8 21.Rhc1  1/2-1/2

[Event "V Ubeda Open"]
[Site "Ubeda ESP"]
[Date "2000.01.23"]
[Round "5"]
[White "Anastasian,A"]
[Black "Holmsten,A"]
[Result "0-1"]
[WhiteElo "2606"]
[BlackElo "2364"]

1.d4 Nf6 2.Bg5 d5 3.e3 Ne4 4.Bf4 c5 5.c3 Nc6 6.Bd3 g5 7.Bg3 Nxg3 8.hxg3 e5
9.dxe5 Qb6 10.Ne2 Qxb2 11.Nd2 Nxe5 12.Bc2 Qb6 13.Nf3 Nxf3+ 14.gxf3 Be6 15.Rb1 Qc7
16.Ba4+ Ke7 17.f4 Bg7 18.f5 Bxf5 19.Qxd5 Bxb1 20.e4 h6 21.Bb3 Kf8 22.O-O Rd8
23.Qf5 Bd3  0-1

[Event "Bundesliga 1999-2000"]
[Site "Solingen GER"]
[Date "2000.01.29"]
[Round "8"]
[White "Naumann,A"]
[Black "Bacrot,E"]
[Result "0-1"]
[WhiteElo "2495"]
[BlackElo "2594"]

1.d4 Nf6 2.Bg5 d5 3.Bxf6 exf6 4.e3 Be6 5.Nd2 c6 6.Bd3 Bd6 7.Ne2 f5 8.c4 Nd7
9.Qb3 Rb8 10.cxd5 cxd5 11.Nf4 O-O 12.O-O Nf6 13.Rac1 Kh8 14.Qa4 a6 15.b4 g5
16.Nxe6 fxe6 17.Rc2 Ra8 18.Rfc1 Qb8 19.Nf1 Qd8 20.Qa5 Ng8 21.Qxd8 Rfxd8 22.b5 a5
23.Nd2 Ne7 24.Nf3 h6 25.h3 Rac8 26.g4 Rxc2 27.Rxc2 Kg7 28.Nd2 h5 29.gxh5 Kh6
30.Be2 Rg8 31.b6 g4 32.hxg4 fxg4 33.e4 Nc6 34.Bd1 Nxd4 35.Rc3 Nf3+ 36.Bxf3 Bb4
37.Rd3 gxf3+ 38.Kh1 Bxd2 39.Rxd2 dxe4 40.Rd6 Kxh5 41.Rxe6 Rg4 42.Re8 Kg6
43.Kh2 Kf5 44.Kh3 Rg2 45.Ra8 Rxf2 46.Rxa5+ Kf4 47.Ra7 Rf1 48.Kh2 Rb1 49.Rxb7 f2
50.Rf7+ Ke3 51.b7 Rxb7  0-1

[Event "Bundesliga 1999-2000"]
[Site "Delmenhorst GER"]
[Date "2000.01.30"]
[Round "9"]
[White "Knaak,R"]
[Black "Kveinys,A"]
[Result "0-1"]
[WhiteElo "2505"]
[BlackElo "2496"]

1.d4 Nf6 2.Bg5 d5 3.e3 c6 4.Bxf6 exf6 5.c4 dxc4 6.Bxc4 Bd6 7.Nf3 O-O 8.O-O f5
9.Qc2 Nd7 10.Bd3 g6 11.a3 Qe7 12.Nc3 Nf6 13.b4 Be6 14.Rfe1 a5 15.b5 c5 16.e4 fxe4
17.Nxe4 Nxe4 18.Bxe4 cxd4 19.Nxd4 Rac8 20.Qe2 Bc4 21.Qg4 h5 22.Qh3 Qf6 23.Rad1 b6
24.Bc6 Rcd8 25.Qc3 Be6 26.Qc2 Bg4 27.Rd3 Bxa3 28.Rxa3 Rxd4 29.h3 Bf5 30.Qc3 Kg7
31.Qe3 Rfd8 32.Raa1 R8d6 33.Rac1 h4 34.Qe8 Rd2 35.Qe7 Qd4 36.Qe5+ Qxe5 37.Rxe5 Rd1+
38.Re1 Rxe1+ 39.Rxe1 Be6 40.Re4 Rd1+ 41.Kh2 Bd5 42.Re8 Bxc6 43.bxc6 Rc1 44.Rc8 b5
45.c7 a4 46.g3 b4  0-1

[Event "NED-chT"]
[Site "Amsterdam NED"]
[Date "2000.02.06"]
[Round "2"]
[White "Retera,J"]
[Black "Langeweg,K"]
[Result "0-1"]
[WhiteElo "2230"]
[BlackElo "2290"]

1.d4 Nf6 2.Bg5 d5 3.Nd2 c6 4.e3 Bf5 5.Bxf6 gxf6 6.Ngf3 e6 7.Nh4 Bg6 8.c3 Nd7
9.Nxg6 hxg6 10.e4 dxe4 11.Nxe4 f5 12.Nd2 Qc7 13.g3 O-O-O 14.Qa4 Kb8 15.O-O-O c5
16.Nb3 Nb6 17.Qa5 c4 18.Nd2 Rd5  0-1

[Event "NED-chT"]
[Site "Amsterdam NED"]
[Date "2000.02.06"]
[Round "2"]
[White "Kerkmeester,H"]
[Black "Van der Poel,H"]
[Result "1/2-1/2"]
[WhiteElo "2281"]
[BlackElo "2283"]

1.d4 Nf6 2.Bg5 c5 3.Bxf6 gxf6 4.c3 Qb6 5.Qc2 e6 6.e3 f5 7.Nd2 d5 8.Ngf3 Nc6
9.Be2 Bd7 10.O-O Rc8 11.Qb3 Qxb3 12.axb3 a6 13.Rfd1 cxd4 14.exd4 Bg7 15.b4 Na7
16.Nb3 Bb5 17.Re1 Bxe2 18.Rxe2 Nb5 19.Nc5 Rc7 20.Rae1 Bf8 21.Ng5 Bxc5 22.bxc5 Re7
23.Re3 Kd7 24.Nf3 Rg8 25.c4 Nc7 26.Ne5+ Kc8 27.c6 dxc4 28.cxb7+ Kxb7 29.Nxc4 Rd8
30.Rb3+ Nb5 31.Na3 Kb6 32.Nxb5 axb5 33.Re5 Rd5 34.Rxd5 exd5 35.Kf1 Re4 36.Rf3 f4
37.Rd3 b4 38.f3 Re6 39.b3 Rh6 40.h3 Rc6 41.Ke2  1/2-1/2

[Event "Petroff Mem Open"]
[Site "St Petersburg RUS"]
[Date "2000.02.12"]
[Round "5"]
[White "Eliseev,A"]
[Black "Lukashok,A"]
[Result "1-0"]
[WhiteElo "2325"]
[BlackElo "2276"]

1.d4 Nf6 2.Bg5 g6 3.h4 h5 4.Bxf6 exf6 5.e3 d6 6.c3 Nd7 7.Nf3 Be7 8.Nbd2 c6
9.Qb3 Kf8 10.a4 Kg7 11.a5 Rb8 12.e4 Nf8 13.Bc4 Be6 14.d5 Bg4 15.Nd4 c5 16.Nc2 Bc8
17.Ne3 f5 18.exf5 Bxh4 19.g3 Bg5 20.f4 Bf6 21.Qd1 b5 22.axb6 Rxb6 23.Qc2 h4
24.gxh4 Bxh4+ 25.Ke2 gxf5 26.Bd3 Ng6 27.Bxf5 Qe7 28.Ne4 Kf8 29.Bxc8 Rxb2
30.Qxb2 Qxe4 31.Bf5 Nxf4+ 32.Kd2 Qf3 33.Qb8+ Kg7 34.Rag1+ Ng6 35.Rxg6+ fxg6
36.Qc7+ Kf6 37.Qxd6+ Kg5 38.Rg1+  1-0

[Event "Petroff Mem Open"]
[Site "St Petersburg RUS"]
[Date "2000.02.13"]
[Round "6"]
[White "Chepukaitis,G"]
[Black "Veliev,G"]
[Result "1-0"]
[WhiteElo "2393"]
[BlackElo "2318"]

1.d4 Nf6 2.Bg5 g6 3.Bxf6 exf6 4.e3 f5 5.Ne2 Bg7 6.g3 d6 7.Bg2 Nd7 8.O-O O-O
9.c4 Nf6 10.Nbc3 Re8 11.b4 Ne4 12.Qd3 Qe7 13.Rab1 Bd7 14.a4 c6 15.a5 Rab8
16.b5 Qd8 17.Nxe4 fxe4 18.Bxe4 Qxa5 19.Ra1 Qb6 20.Nc3 d5 21.Nxd5 cxd5 22.Bxd5 Rbd8
23.Bg2 Bc8 24.Qa3 a6 25.Rfb1 Qf6 26.c5 Bf8 27.Qc3 Bf5 28.Rb2 Rc8 29.Qd2 axb5
30.Bxb7 Rc7 31.Bg2 Rb8 32.Ra5 Bd7 33.Qb4 h5 34.e4 Bg7 35.e5 Qg5 36.h4 Qc1+
37.Kh2 Bh6 38.Raa2 Re8 39.Rc2 Qd1 40.f4 Bf5 41.Rd2 Qe1 42.d5 Bf8 43.d6 Bxd6
44.cxd6 Rc1 45.Qd4 b4 46.d7 Rd8 47.Ra8 Rxa8 48.Bxa8 Bxd7 49.Qxd7 Rc3 50.Rg2 Rc1
51.Qd8+ Kg7 52.Rd2 Rc8 53.Qf6+ Kh6 54.Qg5+ Kg7 55.f5 Qxe5 56.Bd5 Qxf5 57.Qxf5 gxf5
58.Rb2 Rb8 59.Kg2 Kf6 60.Kf3 Ke5 61.Bxf7 Kd4 62.Kf4 Rb5 63.Rb3 Rb7 64.Be6 Rb6
65.Kxf5 Rb5+ 66.Kf4 Rb6 67.Re3 Rb5 68.Re4+ Kc3 69.Bf7 Rb7 70.Bxh5 b3 71.Bg6 b2
72.Re1 Kd2 73.Rb1  1-0

[Event "Open"]
[Site "Cannes FRA"]
[Date "2000.02.24"]
[Round "5"]
[White "Gachon,L"]
[Black "Aguettaz,M"]
[Result "1/2-1/2"]
[WhiteElo "2265"]
[BlackElo "2152"]

1.d4 Nf6 2.Bg5 d5 3.Nd2 c5 4.Bxf6 gxf6 5.dxc5 e5 6.Nb3 Be6 7.c3 Nd7 8.e3 a6
9.Bd3 Nxc5 10.Ne2 Nxb3 11.axb3 f5 12.O-O Rg8 13.Ng3 f4 14.exf4 exf4 15.Nh1 Bc5
16.Qf3 Qh4 17.Ra4 Rg4 18.h3 Rg7 19.Rxf4 Qxh3 20.Qxh3 Bxh3 21.Re1+ Kf8 22.g3 Re8
23.Rxe8+ Kxe8 24.Bf5 Bxf5 25.Rxf5 h6 26.Rxd5 Rg5 27.Rxg5 hxg5 28.g4 Ke7 29.Kg2 Ke6
30.Ng3 Ke5 31.Kf3 a5 32.Ne4 Be7 33.Nd2 Kd5 34.Nc4 Bd8 35.Ne3+ Ke5 36.Nc4+ Kd5
37.Nd2 Bc7 38.Nc4 Bd8  1/2-1/2

[Event "Open"]
[Site "Cannes FRA"]
[Date "2000.02.24"]
[Round "5"]
[White "Duquesnoy,JP"]
[Black "Vasilev,M"]
[Result "0-1"]
[WhiteElo "2173"]
[BlackElo "2312"]

1.d4 Nf6 2.Bg5 d5 3.Bxf6 gxf6 4.e3 c5 5.dxc5 e5 6.Nc3 Be6 7.Bb5+ Nc6 8.b4 Rg8
9.Nge2 Rc8 10.Qd3 Ke7 11.a3 a5 12.Bxc6 bxc6 13.Ng3 e4 14.Qd2 f5 15.Nce2 Bg7
16.Nd4 Be5 17.Rb1 axb4 18.axb4 Kf8 19.Ra1 Qg5 20.Ra7 f4 21.Nxe6+ fxe6 22.exf4 Bxf4
23.Qe2 Rc7 24.Rxc7 Bxc7 25.O-O Ke7 26.Qa6 Kd7 27.b5 cxb5 28.Qxb5+ Ke7 29.f4 exf3
30.Rxf3 Qc1+ 31.Rf1 Qe3+ 32.Kh1 Rb8 33.Qa4 Qxc5 34.Qh4+ Kd6 35.Qxh7 Kc6 36.Qg6 Qe3
37.Nf5 Qe5 38.Ng3 Rh8 39.Rf3 Qe1+ 40.Rf1 Qxg3 41.Qxe6+ Bd6 42.Qc8+ Rxc8 43.hxg3 Bxg3
44.Rf3 Rg8 45.Kg1 Kc5 46.Kf1 Kc4 47.Rd3 d4 48.Rf3 Rg4 49.Ke2 Be5 50.Rf5 Re4+
51.Kd2 Bf4+ 52.Kd1 Bd6 53.Rf1 Rg4 54.Rf2 Rg3 55.Kc1 Re3  0-1

[Event "Open"]
[Site "Cannes FRA"]
[Date "2000.02.26"]
[Round "7"]
[White "Goldenberg,R"]
[Black "Derieux,C"]
[Result "0-1"]
[WhiteElo "2293"]
[BlackElo "2202"]

1.d4 Nf6 2.Bg5 g6 3.Bxf6 exf6 4.e3 d5 5.c4 dxc4 6.Bxc4 Bd6 7.Nc3 O-O 8.Qf3 c6
9.Nge2 Nd7 10.h4 h5 11.Nf4 Nb6 12.Bb3 Bg4 13.Qg3 g5 14.hxg5 fxg5 15.f3 gxf4
16.exf4 Re8+ 17.Kf1 Qg5 18.fxg5 Bxg3 19.fxg4 h4 20.g6 Nd5 21.Nxd5 cxd5 22.Bxd5 Re3
23.Rh3 Rd8 24.Bxf7+ Kg7 25.d5 Rd6 26.g5 Rb6 27.b3 Ra6 28.a4 Rb6 29.Rxg3 hxg3
30.Rc1 Rbxb3 31.Rd1 Rb2 32.d6 Rf2+ 33.Kg1 Rd2 34.Rc1 Rxd6 35.Kf1 Rd2  0-1

[Event "Open"]
[Site "Cannes FRA"]
[Date "2000.02.26"]
[Round "7"]
[White "Vasilev,M"]
[Black "Cooper,L"]
[Result "1/2-1/2"]
[WhiteElo "2312"]
[BlackElo "2338"]

1.d4 Nf6 2.Bg5 d5 3.Bxf6 gxf6 4.Nc3 c5 5.e3 cxd4 6.Qxd4 e6 7.Nf3 Nc6 8.Qd2 f5
9.Rd1 Bg7 10.Na4 Qa5 11.Qxa5 Nxa5 12.Nd4 Bd7 13.Nc5 Rc8 14.Nxd7 Kxd7 15.c3 Nc6
16.Be2 Ke7 17.h3 Nxd4 18.exd4 Rc6 19.a4 Rb6 20.Rd2 Bh6 21.Rc2 f4 22.Bf3 Rc8
23.Kd2 Bg7 24.Kd3 Rd8 25.Rd2 Rbd6 26.Kc2 Bf6 27.a5 Kd7 28.Ra1 Kc7 29.Ra4 R6d7
30.Kd3 Kb8 31.Rc2 Rc7 32.c4 dxc4+ 33.Rcxc4 Rxc4 34.Rxc4 Bg5 35.a6 bxa6 36.Rb4+ Kc8
37.Bb7+ Kd7 38.Bxa6 Ke7 39.Bc4 Bh4 40.f3 Bf6 41.Ba2 a5 42.Ra4 Rb8 43.Rxa5 Rxb2
44.Ra7+ Kf8 45.d5 exd5 46.Bxd5 Be7 47.Ke4  1/2-1/2

[Event "NED-chT"]
[Site "Hengelo NED"]
[Date "2000.02.26"]
[Round "3"]
[White "Rebers,E"]
[Black "Geurink,J"]
[Result "1-0"]
[WhiteElo "2257"]
[BlackElo "2300"]

1.d4 Nf6 2.Bg5 c5 3.Bxf6 gxf6 4.d5 Qb6 5.Qc1 f5 6.g3 Bg7 7.c3 Qd6 8.Bg2 b5
9.Nf3 Bf6 10.O-O Bb7 11.Na3 Bxd5 12.Rd1 e6 13.Nxb5 Qb6 14.c4 Be4 15.Qf4 O-O
16.Nc7 Nc6 17.Nxa8 Rxa8 18.Rxd7 Qxb2 19.Rad1 Qxe2 20.Re1 Qc2 21.Ng5 Bxg2
22.Kxg2 Qc3 23.Qh4 Bxg5 24.Qxg5+ Kf8 25.Red1 Qxc4 26.Qf6  1-0

[Event "Masters"]
[Site "Monaco MNC"]
[Date "2000.02.26"]
[Round "8"]
[White "Efimov,I"]
[Black "Olivier,JC"]
[Result "1-0"]
[WhiteElo "2537"]
[BlackElo "2356"]

1.d4 Nf6 2.Bg5 d5 3.e3 Ne4 4.Bf4 Bf5 5.f3 Nd6 6.Nc3 e6 7.Qe2 Be7 8.e4 dxe4
9.O-O-O exf3 10.Nxf3 O-O 11.h3 h6 12.g4 Bh7 13.h4 Na6 14.g5 h5 15.Ne5 Nb4
16.Rd2 Nd5 17.Nxd5 exd5 18.Qxh5 Ne4 19.Rg2 c5 20.Be2 Qa5 21.a3 c4 22.g6 fxg6
23.Nxg6 Bxa3 24.Bxc4 Bxb2+ 25.Kxb2 Qb4+ 26.Bb3 Qxd4+ 27.Ka3 Qc5+ 28.Ka2 Nc3+
29.Kb2 Bxg6 30.Qxg6 Qd4 31.Qe6+ Rf7 32.Be5 Nd1+ 33.Kb1 Nc3+ 34.Ka1  1-0

[Event "NED-chT"]
[Site "Hengelo NED"]
[Date "2000.02.27"]
[Round "4"]
[White "Winants,L"]
[Black "Timman,J"]
[Result "0-1"]
[WhiteElo "2510"]
[BlackElo "2655"]

1.d4 Nf6 2.Bg5 d5 3.e3 Ne4 4.Bf4 Bf5 5.Bd3 e6 6.Nd2 Nxd2 7.Qxd2 Bxd3 8.cxd3 a5
9.Ne2 Bb4 10.Nc3 c6 11.a3 Be7 12.O-O Nd7 13.Qc2 O-O 14.Rab1 Qb6 15.Rfc1 Rfc8
16.Na4 Qa6 17.Nc5 Bxc5 18.dxc5 e5 19.Bg3 Re8 20.a4 Nf8 21.Ra1 Re7 22.Ra3 Nd7
23.h3 h6 24.e4 Nf6 25.Rd1 Rd8 26.Raa1 Nh5 27.Bh2 Nf4 28.Bxf4 exf4 29.f3 Red7
30.e5 d4 31.Re1 Re7 32.Re4 Rd5 33.Rae1 Qa7 34.Rxf4 Rexe5 35.Rxe5 Rxe5 36.Qc4 Rd5
37.Rxd4 Rxc5 38.Rd8+ Kh7 39.Qd4 Rc1+ 40.Kh2 Qxd4 41.Rxd4 Rb1 42.Rd7 Rxb2
43.Rxf7 Rb4 44.g4 b5 45.axb5 cxb5 46.Kg3 a4 47.Ra7 Rd4 48.Ra5 Rb4 49.f4 Rb3
50.Kh4 a3 51.f5 b4 52.Ra7 Rxd3 53.f6 Kg6 54.fxg7 Kh7 55.Ra4 Rd1  0-1

[Event "Israeli League"]
[Site "Ramat Aviv ISR"]
[Date "2000.03.03"]
[Round "4"]
[White "Moskovich,D"]
[Black "Gruenfeld,Y"]
[Result "0-1"]
[WhiteElo "2167"]
[BlackElo "2523"]

1.d4 Nf6 2.Bg5 d5 3.e3 Ne4 4.Bf4 c6 5.Bd3 Nd6 6.Nd2 Nd7 7.Bxd6 exd6 8.Ngf3 Nf6
9.h3 Be7 10.O-O O-O 11.c3 Re8 12.Re1 Bf8 13.Qc2 Bd7 14.a4 g6 15.b3 Bh6 16.c4 a5
17.Nb1 Ne4 18.Nc3 Nxc3 19.Qxc3 Be6 20.Rac1 Bg7 21.Qd2 Qf6 22.Be2 h5 23.Nh2 dxc4
24.bxc4 c5 25.Red1 cxd4 26.exd4 Bd7 27.Ra1 Qxd4 28.Qxd4 Bxd4 29.Rxd4 Rxe2
30.Rxd6 Bc6 31.Nf1 Rb2 32.Ne3 Kg7 33.Rdd1 Ra6 34.Nd5 Ra8 35.Ne3 Re8 36.Rdb1 Rd2
37.Rd1 Red8 38.Nd5 Rxd1+ 39.Rxd1 Bxa4 40.Ra1 Bb3 41.Rxa5 Bxc4 42.Ne3 b5 43.Nxc4 bxc4
44.Rc5 Rd1+ 45.Kh2 Rc1 46.Kg3 Kf6 47.Kf4 Ke6 48.Rc7 Kd6 49.Rxf7 c3 50.Rf8 Rf1
51.Re8 Rxf2+ 52.Kg3 Rc2 53.Kf4 h4 54.g3 hxg3 55.Kxg3 Rc1 56.Kg2 Kd5 57.h4 Kd4
58.Rd8+ Kc4 59.Rc8+ Kb3 60.Rb8+ Kc2 61.Rb6 Rb1 62.Rxg6 Rb4 63.h5 Kb1 64.h6 c2
65.h7 c1=Q 66.h8=Q Qc2+ 67.Kf3 Qd3+ 68.Kf2 Rf4+ 69.Ke1 Rf1+  0-1

[Event "Oz.com qualifier blitz"]
[Site "Internet ICC"]
[Date "2000.03.05"]
[Round "5"]
[White "Del Mundo,A"]
[Black "Sabas,J"]
[Result "1/2-1/2"]
[WhiteElo "2161"]
[BlackElo "2260"]

1.d4 Nf6 2.Bg5 c5 3.dxc5 Qa5+ 4.Nc3 Ne4 5.Bd2 Nxd2 6.Qxd2 Qxc5 7.Nf3 g6 8.Qd5 Qc6
9.Ne5 Qxd5 10.Nxd5 Na6 11.e4 e6 12.Bxa6 exd5 13.Bb5 f6 14.Ng4 Kf7 15.exd5 d6
16.Ne3 Bh6 17.O-O-O a6 18.Bd3 Re8 19.Kd2 Bg4 20.Rde1 b5 21.f3 Bd7 22.g3 f5
23.f4 Bg7 24.c3 a5 25.Nc2 b4 26.Rxe8 bxc3+ 27.bxc3 Rxe8 28.Re1 Rc8 29.c4 Ba4
30.Ne3 Bd4 31.Rb1 Rc7 32.Rb8 Re7 33.Nc2 Bxc2 34.Bxc2 Bc5 35.Rb1 Bb4+ 36.Kd3 Bc5
37.Rf1 Re3+ 38.Kd2 Ra3 39.Bb1 Bb4+ 40.Ke2 Rc3 41.Bd3 Ra3 42.Bb1 Rc3 43.Bd3  1/2-1/2

[Event "Oz.com qualifier blitz"]
[Site "Internet ICC"]
[Date "2000.03.05"]
[Round "6"]
[White "Pizarro,P"]
[Black "Batista,G"]
[Result "1-0"]
[WhiteElo "2164"]
[BlackElo "2234"]

1.d4 Nf6 2.Bg5 g6 3.Nc3 Bg7 4.e4 d6 5.f4 c5 6.e5 dxe5 7.dxe5 Qxd1+ 8.Rxd1 Nfd7
9.Nd5 O-O 10.Nc7 f6 11.Bc4+ Kh8 12.exf6 exf6 13.Bh4 Nb6 14.Be2 Nc6 15.Nxa8 Nxa8
16.c3 Be6 17.a3 Nb6 18.Nf3 Bb3 19.Rd2 Nc4 20.Bxc4 Bxc4 21.Bf2 Re8+ 22.Kd1 Na5
23.Re1 Rc8 24.Rd7 Bf8 25.Bh4  1-0

[Event "Oz.com qualifier blitz"]
[Site "Internet ICC"]
[Date "2000.03.05"]
[Round "6"]
[White "Lakdawala,C"]
[Black "Shipov,S"]
[Result "1/2-1/2"]
[WhiteElo "2441"]
[BlackElo "2640"]

1.d4 Nf6 2.Bg5 d5 3.Bxf6 exf6 4.e3 Bd6 5.c4 dxc4 6.Bxc4 O-O 7.Nc3 f5 8.Nge2 Nd7
9.Qc2 Nf6 10.Bd3 g6 11.h3 c6 12.O-O-O Qe7 13.Kb1 Bd7 14.g4 fxg4 15.hxg4 Nxg4
16.e4 Nxf2 17.e5 Bb4 18.Ne4 Nxe4 19.Bxe4 Bg4 20.Rdg1 Bxe2 21.Qxe2 f5 22.Bc2 Rad8
23.Bb3+ Kh8 24.Rxg6 Rxd4 25.Rgh6 Rg4 26.e6 Rg7 27.Qe5 Kg8 28.Bc2 Bd6 29.Qd4 c5
30.Qd5 Bf4 31.R6h5 Bg5 32.Bxf5 h6 33.Bc2 Rd8 34.Qe4 b5 35.a3 c4 36.Rxh6 Bxh6
37.Rxh6 Rg1+ 38.Ka2 b4 39.Qxc4 bxa3 40.Rh7 Rg7 41.Rxg7+ Kxg7 42.Qg4+ Kf8
43.Qf5+ Kg8 44.Qg6+ Kf8 45.Qh6+ Kg8 46.Bh7+ Qxh7 47.Qg5+ Qg7 48.Qxd8+ Kh7
49.Qd3+ Kg8 50.Qxa3 Qe5 51.Qb3 Qa5+ 52.Kb1 Qe1+ 53.Ka2 Qa5+ 54.Qa3 Qd5+ 55.Qb3 Qa5+
56.Kb1 Qe1+ 57.Kc2 Qe4+ 58.Kc3 Qe3+ 59.Kb4 Qb6+ 60.Ka3 Qd6+ 61.Qb4 Qxe6 62.Qb8+ Kg7
63.Qxa7+ Kg6 64.Qc5 Qa6+ 65.Kb4 Qb7+ 66.Qb5 Qe4+ 67.Qc4 Qb7+ 68.Kc3 Kf6 69.Qd4+ Ke6
70.b4 Qf3+ 71.Kc4 Qc6+ 72.Qc5 Qe4+ 73.Kb5 Kd7 74.Kb6 Qe6+ 75.Kb7 Qe4+ 76.Ka7 Qd3
77.b5 Qb3 78.Qc6+ Ke7 79.b6 Qa3+ 80.Kb7 Kf7 81.Qd7+ Kf6 82.Kc7 Qa5 83.Qd6+ Kg5
84.Kb7 Kh4 85.Qc6 Qe5 86.Ka7 Qa1+ 87.Kb8 Qe5+ 88.Qc7 Qb5 89.Qe7+ Kh3 90.b7 Kg2
91.Qe6 Kg1 92.Ka7 Qa4+ 93.Qa6 Qd7 94.Ka8 Qd5 95.Qb6+ Kh2 96.Qh6+ Kg1 97.Qg7+ Kh2
98.Qb2+ Kg1 99.Ka7 Qa5+ 100.Kb8 Qd8+ 101.Ka7 Qa5+ 102.Kb8  1/2-1/2

[Event "Oz.com qualifier blitz"]
[Site "Internet ICC"]
[Date "2000.03.05"]
[Round "8"]
[White "Lakdawala,C"]
[Black "Hernandez,Gi"]
[Result "1/2-1/2"]
[WhiteElo "2441"]
[BlackElo "2560"]

1.d4 Nf6 2.Bg5 c5 3.d5 Qb6 4.Nc3 Qxb2 5.Bd2 Qb6 6.e4 d6 7.f4 e5 8.fxe5 dxe5
9.Nf3 Bd6 10.Rb1 Qd8 11.Bb5+ Nbd7 12.a4 O-O 13.O-O a6 14.Bd3 Qc7 15.Qe2 b6
16.Nh4 g6 17.Bh6 Re8 18.Nd1 Nh5 19.g3 Ndf6 20.Ne3 Bh3 21.Rf2 c4 22.Nxc4 Ng4
23.Nxd6 Qxd6 24.Be3 Nxf2 25.Qxf2 Reb8 26.Nf3 Bd7 27.Bxb6 Nf6 28.a5 Ng4 29.Qd2 Bb5
30.c4 Rxb6 31.axb6 Bxc4 32.b7 Rb8 33.Bxc4 Qc5+ 34.Kg2 Qxc4 35.d6 Qxe4 36.d7 Ne3+
37.Kf2 Ng4+ 38.Kg2 Ne3+ 39.Kf2 Ng4+ 40.Kg2  1/2-1/2

[Event "Bundesliga 1999-2000"]
[Site "Wattenscheid GER"]
[Date "2000.03.12"]
[Round "12"]
[White "Agdestein,S"]
[Black "Nielsen,PH"]
[Result "1-0"]
[WhiteElo "2588"]
[BlackElo "2564"]

1.d4 Nf6 2.Bg5 d5 3.Bxf6 exf6 4.e3 Be6 5.Nd2 c6 6.Bd3 Bd6 7.Qf3 Nd7 8.Ne2 g6
9.e4 O-O 10.O-O Qc7 11.h3 dxe4 12.Nxe4 Bh2+ 13.Kh1 f5 14.Ng5 Bd5 15.Qe3 Rae8
16.Qd2 h6 17.c4 hxg5 18.cxd5 Bf4 19.Nxf4 gxf4 20.dxc6 bxc6 21.Rac1 Qd6 22.Qc3 Re6
23.Bc4 Re4 24.Rfd1 Nf6 25.Kg1 Rfe8 26.Bb3 Re2 27.Qxc6 Re1+ 28.Kh2 Kg7 29.Rxe1 Qxc6
30.Rxc6 Rxe1 31.g3 Re2 32.gxf4 Rxf2+ 33.Kg1 Rxb2 34.Rc7 Nh5 35.Rxf7+ Kh6
36.d5 Rd2 37.Rxa7 Nxf4 38.Kf1 Ng2 39.Re7 f4 40.Re2 Ne3+ 41.Ke1 Rd4 42.Rd2 Re4
43.Kf2 Re8 44.d6 Rd8 45.d7 g5 46.Kf3 Kg7 47.a4 Kf6 48.a5 Ke7 49.a6 Nf5 50.a7 Ra8
51.d8=Q+  1-0

[Event "NED-chT"]
[Site "Leeuwarden NED"]
[Date "2000.03.18"]
[Round "5"]
[White "Piket,M"]
[Black "Hoffmann,M"]
[Result "0-1"]
[WhiteElo "2345"]
[BlackElo "2452"]

1.d4 Nf6 2.Bg5 c5 3.d5 Ne4 4.Bf4 Qb6 5.Nd2 Qxb2 6.Nxe4 Qb4+ 7.c3 Qxe4 8.e3 g5
9.Bg3 Bg7 10.Rc1 d6 11.Nf3 Qg6 12.h4 h6 13.h5 Qf5 14.Bd3 Qg4 15.e4 O-O 16.Qb3 Nd7
17.Qc2 f5 18.Nd2 fxe4 19.Nxe4 Ne5 20.f3 Qf5 21.O-O Bd7 22.Be2 Qf7 23.Rcd1 Qe8
24.Qd2 Bf5 25.Qe3 Nd7 26.Bh2 Bxe4 27.Qxe4 Nf6 28.Qb1 Rb8 29.g4 Nd7 30.Qe4 Be5
31.f4 Nf6 32.Qf5 gxf4 33.Bxf4 Bxf4 34.Rxf4 Nh7 35.Qe6+ Kg7 36.Rdf1 Rxf4 37.Rxf4 Nf6
38.Bd3 Qf7 39.Qf5 Rg8 40.Kf1 Kh8 41.c4 Qg7 42.Qg6 Qf8 43.Qf5 Rg5 44.Qe4 Rxg4
45.Qf3 Rxf4 46.Qxf4 Nd7 47.Bf5 Ne5 48.Ke2 Nxc4  0-1

[Event "16th Spring Festival"]
[Site "Budapest HUN"]
[Date "2000.03.23"]
[Round "7"]
[White "Berkes,F"]
[Black "Szeberenyi,A"]
[Result "0-1"]
[WhiteElo "2398"]
[BlackElo "2257"]

1.d4 Nf6 2.Bg5 d5 3.Bxf6 gxf6 4.e3 c5 5.Nc3 e6 6.Qh5 cxd4 7.exd4 Nc6 8.O-O-O Bd7
9.f4 f5 10.Qe2 Qa5 11.Qe3 Bb4 12.Nge2 O-O-O 13.h3 h5 14.h4 Kb8 15.Kb1 Rc8
16.Rh3 Rhg8 17.Rf3 Qd8 18.Qf2 Na5 19.a3 Be7 20.g3 Qb6 21.Na2 Rxc2 22.Kxc2 Ba4+
23.Kc1 Bxd1 24.Kxd1 Qxb2 25.Nec1 Qxf2 26.Rxf2 Rxg3 27.Be2 Bxh4 28.Rh2 Bf6
29.Bxh5 Rg7 30.Ne2 Nc6 31.Nac3 a6 32.Rh3 Nxd4 33.Nxd4 Bxd4 34.Ne2 Bc5 35.Rc3 Bd6
36.Kd2 Rh7 37.Bf3 Bc7 38.Rc1 Rh3 39.Rf1 Ba5+ 40.Kd3 Kc7 41.a4 Kd6 42.Ng1 Rh2
43.Be2 f6 44.Nf3 Rh3 45.Rb1 e5 46.Rxb7 e4+ 47.Ke3 Kc6 48.Rf7 Bb6+ 49.Kd2 exf3
50.Rxf6+ Kb7 51.Rf7+ Bc7 52.Bf1 Rh1 53.Ke1 Kc6 54.Rf6+ Kd7 55.Rf7+ Kd6 56.Rf6+ Kc5
57.Rxf5 Bd8  0-1